000 00421nam a2200181Ia 4500
001 8390
005 20260306160606.0
008 260306t2003||||xx |||||||||||||| ||spa||
041 _aESP
082 _a370.71
_bH46
100 _aHerraiz, María Luisa
_eAUT
245 0 _aFormación de formadores
260 _c2003
300 _a158 páginas :
_c23 cm.
650 _aGEN
654 _aCED
942 _cLIB
_dJUS
_fJUS
_2ddc
_n
999 _c8390
_d8390